[Event "ITA-ch sf g/5' 1st"]
[Site "Playchess.com INT"]
[Date "2006.02.25"]
[Round "2"]
[White "Mocchi, Tullio"]
[Black "Mione, Dario"]
[Result "1-0"]
[WhiteElo "2243"]
[BlackElo "2254"]
[PlyCount "139"]
[EventDate "2006.02.25"]
[EventType "swiss (blitz)"]
[EventRounds "11"]
[EventCountry "ITA"]
[SourceTitle "CBM 111 Extra"]
[Source "ChessBase"]
[SourceDate "2006.05.09"]
[SourceVersion "1"]
[SourceVersionDate "2006.05.09"]
[SourceQuality "1"]

1. d4 d5 2. Nf3 c6 3. c3 Bf5 4. Bf4 e6 5. Nbd2 Bd6 6. Bxd6 Qxd6 7. e3 Nf6 8. Be2 Nbd7 9. 0-0 0-0 10. Nh4 Bg6 11. Nxg6 hxg6 12. Qb3 b6 13. c4 c5 14. cxd5 Qxd5 15. Qxd5 Nxd5 16. Nb3 cxd4 17. Nxd4 Rfc8 18. Rfc1 Rc5 19. Nb3 Rxc1+ 20. Rxc1 Kf8 21. Bf3 N7f6 22. e4 Nb4 23. Rc4 Nd3 24. Rd4 Ne5 25. Kf1 Ke7 26. Ke2 Rd8 27. Rxd8 Kxd8 28. Nd4 Kc7 29. h3 a6 30. b3 Nfd7 31. Ke3 Nxf3 32. Nxf3 f6 33. Kd4 Kd6 34. h4 b5 35. b4 e5+ 36. Kd3 Nf8 37. g3 Ne6 38. Ke3 Nd8 39. Nd2 Nc6 40. a3 Nd4 41. Kd3 Kc6 42. Nb1 f5 43. Nc3 Kd6 44. f4 Nc6 45. Nd5 fxe4+ 46. Kxe4 a5 47. bxa5 exf4 48. Nxf4 Nxa5 49. Kd4 g5 50. hxg5 Nc6+ 51. Ke4 Na5 52. Kf5 Ke7 53. Kg6 Nc4 54. Kxg7 Nxa3 55. g6 Nc4 56. Kh7 Nd6 57. g7 Ne8 58. Nd5+ Kd6 59. g8Q Nc7 60. Nxc7 Kxc7 61. Qb3 Kc6 62. Qb4 Kb6 63. Kg6 Kc6 64. Kf6 Kb6 65. Ke6 Kc6 66. Ke5 Kb6 67. Kd6 Ka6 68. Kc6 Ka7 69. Qxb5 Ka8 70. Qb7# 1-0

[Event "ITA-ch sf g/5' 1st"]
[Site "Playchess.com INT"]
[Date "2006.02.25"]
[Round "1"]
[White "Mocchi, Tullio"]
[Black "Riccio, Eros"]
[Result "1-0"]
[WhiteElo "2243"]
[BlackElo "2175"]
[PlyCount "139"]
[EventDate "2006.02.25"]
[EventType "swiss (blitz)"]
[EventRounds "11"]
[EventCountry "ITA"]
[SourceTitle "CBM 111 Extra"]
[Source "ChessBase"]
[SourceDate "2006.05.09"]
[SourceVersion "1"]
[SourceVersionDate "2006.05.09"]
[SourceQuality "1"]

1. d4 d5 2. Nf3 Nf6 3. Bf4 c5 4. c3 Nc6 5. e3 e6 6. Bd3 Bd6 7. Bxd6 Qxd6 8. Nbd2 0-0 9. 0-0 cxd4 10. exd4 Re8 11. Re1 e5 12. Nxe5 Nxe5 13. dxe5 Rxe5 14. Rxe5 Qxe5 15. Nf3 Qh5 16. Nd4 Bg4 17. f3 Bd7 18. Qd2 Re8 19. Re1 Rxe1+ 20. Qxe1 Qg5 21. Nc2 Nh5 22. g3 Nf4 23. Bf1 Ne6 24. Bh3 Qg6 25. Bxe6 Bxe6 26. Nd4 Kf8 27. a3 Qf6 28. Qe3 a6 29. Kf2 Qe7 30. Qe5 Qd7 31. f4 Bg4 32. f5 f6 33. Qb8+ Kf7 34. Qf4 Bd1 35. Ne6 g6 36. g4 Bxg4 37. Qxg4 gxf5 38. Qxf5 Qxe6 39. Qxh7+ Ke8 40. h4 Qf7 41. Qxf7+ Kxf7 42. Kf3 Kg6 43. Kf4 Kh5 44. Kf5 Kxh4 45. Kxf6 Kg4 46. Ke5 Kf3 47. Kxd5 Ke3 48. Kc5 Kd3 49. Kb6 Kc2 50. Kxb7 Kxb2 51. c4 a5 52. c5 Kxa3 53. c6 a4 54. c7 Kb2 55. c8Q a3 56. Qh8+ Kb1 57. Qh1+ Kb2 58. Qg2+ Kb1 59. Qf1+ Kb2 60. Qe2+ Kb1 61. Qe1+ Kb2 62. Qb4+ Ka2 63. Kb6 Ka1 64. Qxa3+ Kb1 65. Qc3 Ka2 66. Qb4 Ka1 67. Kc5 Ka2 68. Kc4 Ka1 69. Kc3 Ka2 70. Qb2# 1-0

[Event "ITA-ch sf g/5' 1st"]
[Site "Playchess.com INT"]
[Date "2006.02.25"]
[Round "11"]
[White "Mocchi, Tullio"]
[Black "Vocaturo, Daniele"]
[Result "0-1"]
[WhiteElo "2243"]
[BlackElo "2358"]
[PlyCount "146"]
[EventDate "2006.02.25"]
[EventType "swiss (blitz)"]
[EventRounds "11"]
[EventCountry "ITA"]
[SourceTitle "CBM 111 Extra"]
[Source "ChessBase"]
[SourceDate "2006.05.09"]
[SourceVersion "1"]
[SourceVersionDate "2006.05.09"]
[SourceQuality "1"]

1. d4 Nf6 2. Nf3 g6 3. Bf4 Bg7 4. e3 d6 5. Be2 0-0 6. h3 Nfd7 7. c3 e5 8. dxe5 dxe5 9. Bh2 Nc6 10. Nbd2 Qe7 11. Nc4 b6 12. 0-0 Bb7 13. a4 Rad8 14. Qc2 a6 15. Rfd1 f5 16. Rd2 e4 17. Nd4 Nce5 18. Nxe5 Nxe5 19. Bxe5 Bxe5 20. Bc4+ Kh8 21. Rad1 Rfe8 22. Ne2 Rxd2 23. Qxd2 Bc6 24. b3 b5 25. axb5 axb5 26. Bd5 Rd8 27. c4 Be8 28. Nd4 c6 29. Ne6 Rd7 30. Qc2 cxd5 31. cxd5 Bf7 32. Qc8+ Qe8 33. Rc1 Rxd5 34. Qxe8+ Bxe8 35. f4 Bd7 36. Ng5 Bf6 37. Rc7 Bxg5 38. fxg5 Kg7 39. Kf2 Kf7 40. Kg3 Ke7 41. Kf4 Rd2 42. g4 fxg4 43. hxg4 Rg2 44. Kxe4 Rxg4+ 45. Kf3 Rxg5 46. Rb7 Rf5+ 47. Kg3 Rd5 48. e4 Rd3+ 49. Kf4 Rxb3 50. Ke5 h5 51. Rb8 h4 52. Rh8 h3 53. Rh7+ Kd8 54. Kd6 Rd3+ 55. Kc5 b4 56. Kxb4 Rd4+ 57. Kc5 Rxe4 58. Kd6 Rd4+ 59. Ke5 Rd2 60. Rh8+ Kc7 61. Rh7 h2 62. Kf4 Kb6 63. Kg3 Bc6 64. Rh6 h1R 65. Rxh1 Bxh1 66. Kf4 Rd5 67. Ke3 Rf5 68. Kd4 Bc6 69. Kc4 Bd7 70. Kd3 g5 71. Ke4 g4 72. Ke3 g3 73. Ke4 g2 0-1

[Event "Padova op-A 5th"]
[Site "Padova"]
[Date "2002.12.22"]
[Round "6.4"]
[White "Quaranta, Cristiano"]
[Black "Mocchi, Tullio"]
[Result "1-0"]
[WhiteElo "1675"]
[BlackElo "2139"]
[PlyCount "121"]
[EventDate "2002.12.14"]
[EventType "swiss"]
[EventRounds "6"]
[EventCountry "ITA"]
[SourceTitle "EXT 2023"]
[Source "ChessBase"]
[SourceDate "2022.10.05"]
[SourceVersion "1"]
[SourceVersionDate "2022.10.05"]
[SourceQuality "1"]

1. d4 Nf6 2. Bg5 e6 3. e4 h6 4. Bxf6 Qxf6 5. Nc3 d6 6. Qd2 g6 7. f4 Qe7 8. Nf3 Bg7 9. 0-0-0 a6 10. Bd3 Nd7 11. f5 e5 12. Nd5 Qd8 13. fxg6 fxg6 14. Nh4 Nf8 15. dxe5 Bxe5 16. Qf2 Be6 17. Rhf1 c6 18. Nb6 Qg5+ 19. Kb1 Rd8 20. Nc4 Qe7 21. Nf3 Nd7 22. Qa7 Bxc4 23. Bxc4 Nc5 24. Nxe5 Qxe5 25. Bf7+ Ke7 26. Bxg6 Rhf8 27. Bf5 Rf6 28. Qb6 Ke8 29. Qc7 Qe7 30. Qxe7+ Kxe7 31. Rde1 h5 32. h3 h4 33. Rf4 Rg8 34. Re2 Rh6 35. Rg4 Rxg4 36. Bxg4 Kf6 37. Kc1 Ke5 38. Bf3 Kf4 39. b4 Ne6 40. c3 Ng5 41. Bg4 Nxe4 42. Kc2 d5 43. Kd3 Kg3 44. Bf3 Re6 45. Kd4 Kf4 46. c4 Ng5 47. Rf2 Kg3 48. Rf1 Nxf3+ 49. Rxf3+ Kxg2 50. cxd5 Rd6 51. Rb3 Rxd5+ 52. Ke4 Rg5 53. Kf4 Rg3 54. Rb2+ Kxh3 55. a4 Rg2 56. Rb3+ Kh2 57. Rb1 h3 58. Kf3 Rg1 59. Rb2+ Kh1 60. Ke4 Re1+ 61. Kd4 1-0